Escudos de Times de Futebol do Maranhão - Statistics

General Stats
  • This quiz has been taken 24 times
  • The average score is 7 of 21
Answer Stats
Picture Answer % Correct
Sampaio Corrêa
95%
Moto Club
86%
Maranhão
68%
Imperatriz
55%
IAPE
41%
Tuntum
32%
Cordino
27%
São José de Ribamar
27%
São Luís
27%
ITZ Sport
23%
Luminense
23%
Pinheiro
23%
Timon
23%
Viana
23%
Americano
18%
Expressinho
18%
Juventude
18%
Lago Verde
18%
Tupan
18%
Balsas
14%
Araioses
9%
No matching quizzes found
Score Distribution
Percent of People with Each Score
Percentile by Number Answered
Your Score History
You have not taken this quiz